الدولة والمجتمع في مصر في القرن التاسع عشر / (Record no. 13890)

MARC details
000 -الفاتح
حقل البيانات ثابتة الطول 01220nam a2200289 i 4500
003 - محدد رقم الضبط
رقم الضبط EG-ScBUE
005 - وقت وتاريخ اخر تعامل مع التسجيلة
رقم الضبط 20240815112724.0
008 - عناصر البيانات ثابتة الطول - معلومات عامة
حقل البيانات ثابتة الطول 100414s2007 ua f b 000 0 ara d
017 ## - رقم الإيداع القانونى
رقم الإيداع القانونى 2007 / 25200
020 ## - الرقم الدولى المعيارى للكتب
الرقم الدولى المعيارى للكتاب 977180530
040 ## - مصدر الفهرسة
وكالة الفهرسة الأصلية EG-ScBUE
لغة الفهرسة ara
قواعد الوصف rda
وكالة النسخ EG-ScBUE
وكالة التعديل EG-ScBUE
043 ## - رمز المنطقة الجغرافية
رمز المنطقة الجغرافية f-ua---
082 04 - رقم تصنيف ديوى العشرى
رقم الطبعة 22
رقم التصنيف 962.03
رقم المادة ن ج م
100 1# - المدخل الرئيسى - إسم شخصى
9 (RLIN) 13522
الإسم الشخصى شمس الدين، زين العابدين،
الدور مؤلف.
245 12 - بيان العنوان
العنوان الدولة والمجتمع في مصر في القرن التاسع عشر /
بيان المسئوليه,etc تأليف د. زين العابدين شمس الدين نجم.
264 #1 - النشر، التوزيع
مكان الناشر او الموزع القاهرة :
اسم الناشر او الموزع دار الكتب والوثائق القومية،
تاريخ النشر أو التوزيع 2007.
300 ## - الوصف المادى
التعداد 255 صفحة ؛
أبعاد الوعاء 24 سم.
336 ## - نوع المحتوى
source rdacontent
Carrier Type Term نص
Content Type Code txt
337 ## - نوع الوسيط
Media Type Term بدون وسيط
source rdamedia
Media Type Code n
338 ## - نوع الحامل أو الناقل
Carrier Type Term مجلد
Carrier Type Code nc
source rdacarrier
490 0# - بيان السلسلة
عنوان السلسلة مصر النهضة ؛
رقم المجلد/ التعيين التسلسلي 70
504 ## - تبصرة ببليوجرافية
تبصرة ببليوجرافية,الخ يشتمل على إرجاعات ببليوجرافية.
651 #7 - المدخل الاضافى بالموضوع - اسم جغرافى
9 (RLIN) 13382
الاسم الجغرافي مصر
التقسيم الفرعي العام تاريخ
التقسيم الفرعي الزمني العصر الحديث
-- عصر محمد علي 1805-1849.
مصدر الرأس أو المصطلح BUEsh
651 #7 - المدخل الاضافى بالموضوع - اسم جغرافى
9 (RLIN) 13673
الاسم الجغرافي مصر
التقسيم الفرعي العام تاريخ
التقسيم الفرعي الزمني العصر الحديث
-- عصر إسماعيل 1863-1879.
مصدر الرأس أو المصطلح BUEsh
655 ## - مصطلح تكشيفى-نوع/شكل
التقسيم الفرعي الشكلي Reading book
942 ## - عناصر المدخل الإضافي( كوها)
مصدر التصنيف او مخطط الترفيف Dewey Decimal Classification
Koha [default] item type Book - Borrowing
Holdings
حالة التراجع حالة الفقد مصدر التصنيف او خطة الترفيف حالة تلف ليس للاعارة مجموعات كوها المكان الدائم المكان الحالي موقع الترفيف تاريخ الاكتساب Source of acquisition رقم الاستدعاء الباركود Date last seen التكلفة نوع الوعاء سعر الشراء الطبيعي تعداد مسلسل / التسلسل الزمني
    Dewey Decimal Classification     Donation-Gift Central Library Central Library Second Floor 25/02/2008 Donation 962.031 ن ج م 000010070 15/07/2025 13.50 Book - Borrowing    
    Dewey Decimal Classification     Alahram Central Library Central Library Second Floor 14/04/2010 Purchase 962.031 ن ج م 000019519 15/07/2025   Book - Borrowing 13.50 17